Подъемно-транспортное оборудование. Вып. 4: Блоки. Тали. Кошки. Лебедки (Запись № 9375962)

Подробности
000 -МАРКЕР
контрольное поле 01657nam2a22002891 4500
001 - ИДЕНТИФИКАТОР ЗАПИСИ
контрольное поле rc\4076355
005 - ИДЕНТИФИКАТОР ВЕРСИИ
контрольное поле 20250611081934.0
021 ## - НОМЕР ГОСУДАРСТВЕННОЙ РЕГИСТРАЦИИ
Код страны Российская Федерация
Номер [50-13397]
035 ## - ДРУГИЕ СИСТЕМНЫЕ НОМЕРА
Идентификатор записи (NLR Aleph) 008123075
100 ## - ДАННЫЕ ОБЩЕЙ ОБРАБОТКИ
Данные общей обработки 20130415d1950 |||y0rusy50 ca
101 0# - ЯЗЫК РЕСУРСА
Язык текста, звукозаписи и т.д. русский
102 ## - СТРАНА ПУБЛИКАЦИИ ИЛИ ПРОИЗВОДСТВА
Страна публикации Российская Федерация
105 ## - ПОЛЕ КОДИРОВАННЫХ ДАННЫХ: ТЕКСТОВЫЕ МАТЕРИАЛЫ, МОНОГРАФИЧЕСКИЕ
Кодированные данные о монографическом текстовом документе a z |||||
200 1# - ЗАГЛАВИЕ И СВЕДЕНИЯ ОБ ОТВЕТСТВЕННОСТИ
Основное заглавие Блоки. Тали. Кошки. Лебедки
Первые сведения об ответственности [Сост.: инж. С.А. Добронравов]
Последующие сведения об ответственности М-во тяжелого машиностроения СССР. Гл. упр. подъемно-трансп. машиностроения
210 ## - ПУБЛИКАЦИЯ, РАСПРОСТРАНЕНИЕ И ДР.
Место издания, распространения и т.д. Москва
Имя издателя, распространителя и т. д. Изд-во и 1-я тип. Машгиза в Л.
Дата издания, распространения и т.д. 1950
215 ## - ФИЗИЧЕСКАЯ ХАРАКТЕРИСТИКА
Специфическое обозначение материала и объем 16 с.
Другие сведения о физической характеристике ил.
461 #0 - УРОВЕНЬ НАБОРА
Встроенное поле 001rc\4076352
-- 2001#$aПодъемно-транспортное оборудование$eКаталог-справочник$f[Отв. ред. инж. П.И. Бурмистров]$gМ-во тяжелого машиностроения СССР. Гл. упр. подъемно-трансп. машиностроения "ГУПТМаш". Вып. 1-$vВып. 4
Системный номер (АБИС) связанной записи 9375946
Место публикации Москва
Дата публикации 1950
Первые сведения об ответственности [Отв. ред. инж. П.И. Бурмистров]
Имя издателя, распространителя и т.д. Изд-во и 1-я тип. Машгиза в Л.
Сведения, относящиеся к заглавию Каталог-справочник
Заглавие Подъемно-транспортное оборудование
Номер тома Вып. 4
517 0# - ДРУГИЕ ВАРИАНТЫ ЗАГЛАВИЯ
Вариант заглавия Кошки. Лебедки
517 0# - ДРУГИЕ ВАРИАНТЫ ЗАГЛАВИЯ
Вариант заглавия Лебедки
517 0# - ДРУГИЕ ВАРИАНТЫ ЗАГЛАВИЯ
Вариант заглавия Тали. Кошки. Лебедки
702 #1 - ИМЯ ЛИЦА - ВТОРИЧНАЯ ОТВЕТСТВЕННОСТЬ
Начальный элемент ввода Добронравов
Часть имени, кроме начального элемента ввода С.А.
Расширение инициалов личного имени Сергей Алексеевич
Код отношения Составитель
801 #0 - ИСТОЧНИК ЗАПИСИ
Страна Российская Федерация
Организация NLR
Правила каталогизации psbo
801 #1 - ИСТОЧНИК ЗАПИСИ
Страна Российская Федерация
Организация ELAR
Источник данных rusmarc
852 ## - МЕСТОНАХОЖДЕНИЕ И ШИФР ХРАНЕНИЯ
Идентификатор организации NLR
Шифр хранения (Call Number) Т86 Г-8/162
942 ## - ДОПОЛНИТЕЛЬНЫЕ ЭЛЕМЕНТЫ ЗАПИСИ (АБИС)
Тип экземпляра АБИС Книга
980 ## - КОЛЛЕКЦИЯ
Название коллекции Национальная библиография
Экземпляры
Тип экземпляра Дата поступления Библиотека постоянного хранения Библиотека текущего хранения Место хранения Шифр хранения Штрих-код Статус экземпляра
Книга 26.10.2013 РНБ (Садовая) РНБ (Садовая) Русский книжный фонд -Главное здание, Ленинский читальный зал Т86 Г-8/162 8123075-10